El mar territorial chileno de 200 millas marinas
Guardat en:
| Autor principal: | |
|---|---|
| Format: | Llibre |
| Idioma: | espanyol |
| Publicat: |
Santiago
Del Pacífico
1975
|
| Matèries: | |
| Etiquetes: |
Afegir etiqueta
Sense etiquetes, Sigues el primer a etiquetar aquest registre!
|
MARC
| LEADER | 00000nam a2200000 a 4500 | ||
|---|---|---|---|
| 001 | UCT9149 | ||
| 003 | CL-VaPUC | ||
| 008 | 970404e19750200CL |||||||||||||||||spa|d | ||
| 082 | 0 | 4 | |a 341.448 |b VIO |2 21 |
| 100 | 0 | |a Vío Valdivieso, Fabio |e author |9 381567 | |
| 245 | 1 | 3 | |a El mar territorial chileno de 200 millas marinas |
| 300 | |a 40 p | ||
| 942 | |c BK | ||
| 945 | |d 19970404 00:00:00 |a cmena | ||
| 260 | |a Santiago |b Del Pacífico |c 1975 | ||
| 650 | 7 | |a MAR TERRITORIAL |2 CL-VaPUC |9 381568 | |
| 650 | 0 | |a Derecho marítimo |9 255301 | |
| 650 | 7 | |a LEGISLACION |2 CL-VaPUC |9 381569 | |
| 650 | 0 | |a Tratados internacionales |9 256056 | |
| 650 | 0 | |a Relaciones Internacionales |9 255740 | |
| 650 | 0 | |a Derecho internacional |9 255637 | |
| 650 | 7 | |a JURISDICCION INTERNACIONAL |2 CL-VaPUC |9 381570 | |
| 651 | 7 | |a CHILE |2 CL-VaPUC |9 381571 | |
| 651 | 0 | |a Perú |9 256567 | |
| 651 | 0 | |a Ecuador |9 258378 | |
| 583 | |a last modification |c 19970404 00:00:00 |k Rodrigo Vera | ||
| 999 | |c 257569 |d 257567 | ||
| 952 | |0 0 |1 0 |2 ddc |4 0 |6 341_448000000000000_VIO_1975 |7 0 |8 A |9 281106 |a BIBDER |b BIBDER |d 2019-11-19 |i 1823442 |o 341.448 VIO 1975 |p 1823442 |r 2023-01-25 |w 2019-11-19 |y MX |k DER | ||